Central Library OPAC University of Rajshahi

Introduction to projective geometry and modern algebra / (Record no. 70023)

MARC details
000 -LEADER
fixed length control field 00790nam a2200253 a 4500
001 - CONTROL NUMBER
control field 70023
003 - CONTROL NUMBER IDENTIFIER
rucl marc code BD-RjUL
005 - DATE AND TIME OF LATEST TRANSACTION
control field 20211209081945.0
008 - FIXED-LENGTH DATA ELEMENTS--GENERAL INFORMATION
fixed length control field 170415s1963 maua b 001 0 eng
035 ## - SYSTEM CONTROL NUMBER
System control number (BD-RjUL)70235
040 ## - CATALOGING SOURCE
Original cataloging agency DLC
Transcribing agency DLC
Modifying agency BD-RjUL
Language of cataloging eng
041 ## - LANGUAGE CODE
Language code of text/sound track or separate title eng
082 00 - DEWEY DECIMAL CLASSIFICATION NUMBER
Classification number 516.5
Edition number 23
Author mark and year ROI 1963
100 1# - MAIN ENTRY--PERSONAL NAME
Personal name Rosenbaum, R. A.
Fuller form of name (Robert A.)
9 (RLIN) 207390
245 10 - TITLE STATEMENT
Title Introduction to projective geometry and modern algebra /
Statement of responsibility, etc. Robert Rosenbaum
260 ## - PUBLICATION, DISTRIBUTION, ETC. (IMPRINT)
Place of publication, distribution, etc. Reading, Mass.,
Name of publisher, distributor, etc. Addison-Wesley Pub. Co.
Date of publication, distribution, etc. c1963.
300 ## - PHYSICAL DESCRIPTION
Pagination viii, 344 p. :
Illustrations ill. ;
Size 24 cm.
490 0# - SERIES STATEMENT
Series statement Addison-Wesley series in mathematics
504 ## - BIBLIOGRAPHY, ETC. NOTE
Bibliography, etc Includes bibliography and index
650 #0 - SUBJECT ADDED ENTRY--TOPICAL TERM
Topical term or geographic name as entry element Geometry, Projective.
9 (RLIN) 207391
Topical term or geographic name as entry element Algebra.
9 (RLIN) 207392
942 ## - ADDED ENTRY ELEMENTS (KOHA)
Source of classification or shelving scheme Dewey Decimal Classification
Koha item type Books
Holdings
Lost status Source of classification or shelving scheme Damaged status Not for loan Collection code Permanent Location Current Location Shelving location Date acquired Source of acquisition Cost, normal purchase price Total Checkouts Full call number Date last seen Copy number Koha item type
  Dewey Decimal Classification   Not For Loan Non-fiction Central Library, University of Rajshahi Central Library, University of Rajshahi Reading Room 13/11/1963 Zetlinger 57.00   516.5 ROI 1963 15/04/2017 C-1 Books